=LDR 00000nam 2200000 4500 =001 INLIS000000000038265 =005 20130612143934 =008 ***********************************Ind** =035 ##$$0010-061300000038265 =041 ##$$a Ind =082 ##$$a R.791.530 3 =090 ##$$a R.791.530 3, Kap k =100 ##$$a Kapalaye, Ki Agung =245 ##$$a Kamus pintar wayang(Dari Versi India hingga pewayangan Jawa), Ki Ageng Kapalaye: Editor, K.S.Pengumbaran =260 ##$$a 2010 $b Jogjakarta =300 ##$$a 379 hlm, Ilus, 22 cm =650 ##$$a Wayang - Kamus =700 ##$$a K.S Pengumbaran =850 ##$$a NBPNMAT